Valorant agents by abilities (nearly impossible) - Statistics

General Stats
  • This quiz has been taken 12 times
  • The average score is 22 of 29
Answer Stats
Hint Answer % Correct
Toxic Screen Viper
100%
Trapwire Cypher
89%
Barrier Mesh Deadlock
89%
Dizzy Gekko
89%
Cascade Harbor
89%
Flashdrive KAY/O
89%
Nanoswarm Killjoy
89%
Dark Cover Omen
89%
Curveball Phoenix
89%
Paint Shells Raze
89%
Shock Bolt Sova
89%
Fault Lines Breach
78%
Incendiary Brimstone
78%
Trademark Chamber
78%
Seize Fade
78%
Cloudburst Jett
78%
Harmonize Miks
78%
Guided Salvo Tejo
78%
Meddle Clove
67%
High Gear Neon
67%
Leer Reyna
67%
Guiding Light Skye
67%
Shear Vyse
67%
Saturate Waylay
67%
Barrier Orb Sage
56%
Crosscut Veto
56%
Blindside Yoru
56%
Dissipate Astra
44%
Contingency Iso
44%
No matching quizzes found
Score Distribution
Percent of People with Each Score
Percentile by Number Answered
Your Score History
You have not taken this quiz